Statistics for Was it WW1 or WW2?

Click here to take the quiz!

General Stats

  • This quiz has been taken 25 times
  • The average score is 12 of 15

Answer Stats

QuestionAnswer% Correct
Assassination of Archduke Franz Ferdinand.WW1
100%
Which world war did Germany lose?Both
96%
Pearl Harbour.WW2
96%
Vichy France.WW2
92%
USA joining the allies.Both
88%
Turkey joining the German side.WW1
83%
Invasion of Denmark.WW2
83%
Operation Overlord.WW2
83%
Russian Invasion of Finland.WW2
83%
Schlieffen Plan.WW1
71%
Molotov-Ribbentrop Pact.WW2
71%
Greece winning against the Italians in Albania.WW2
67%
Portugal joined the allies in...WW1
54%
Operation Market Garden.WW2
54%
Italy switching sides.Both
38%

Score Distribution

Percentile by Number Answered

Percent of People with Each Score

Your Score History

You have not taken this quiz